[Event "Prague Visus op"]
[Site "Prague"]
[Date "2003.08.09"]
[Round "8"]
[White "Micanek, Tomas"]
[Black "Jansa, Vaclav"]
[Result "0-1"]
[WhiteElo "2137"]
[BlackElo "2145"]
[PlyCount "52"]
[EventDate "2003.08.??"]
[EventType "swiss"]
[EventRounds "9"]
[EventCountry "CZE"]
[SourceTitle "EXT 2006"]
[Source "ChessBase"]
[SourceDate "2005.11.24"]
[SourceVersion "1"]
[SourceVersionDate "2005.11.24"]
[SourceQuality "1"]

1. e4 c5 2. Nc3 Nc6 3. Nf3 e5 4. Bc4 d6 5. Nd5 Nge7 6. c3 Nxd5 7. Bxd5 Be7 8. d3 0-0 9. Be3 Kh8 10. h3 f5 11. exf5 Bxf5 12. g4 Bd7 13. Qd2 Rb8 14. 0-0-0 b5 15. g5 Qc8 16. Qe2 Be6 17. Bxe6 Qxe6 18. Kb1 c4 19. Ne1 d5 20. Nc2 b4 21. cxb4 Nxb4 22. dxc4 d4 23. Bxd4 Nxc2 24. Kxc2 Qg6+ 25. Qd3 Qxd3+ 26. Kxd3 exd4 0-1

[Event "Prague Visus op"]
[Site "Prague"]
[Date "2003.08.07"]
[Round "6"]
[White "Micanek, Tomas"]
[Black "Nepustil, Frantisek"]
[Result "1-0"]
[WhiteElo "2137"]
[BlackElo "2001"]
[PlyCount "55"]
[EventDate "2003.08.??"]
[EventType "swiss"]
[EventRounds "9"]
[EventCountry "CZE"]
[SourceTitle "EXT 2006"]
[Source "ChessBase"]
[SourceDate "2005.11.24"]
[SourceVersion "1"]
[SourceVersionDate "2005.11.24"]
[SourceQuality "1"]

1. e4 d5 2. exd5 Nf6 3. Nc3 Nxd5 4. Bc4 c6 5. Qf3 e6 6. Nge2 Be7 7. d4 0-0 8. h4 Nd7 9. Ne4 N7f6 10. Bg5 Nxe4 11. Qxe4 Nf6 12. Bxf6 Bxf6 13. 0-0-0 g6 14. h5 Bg7 15. f4 Re8 16. g4 Bd7 17. Ng1 b5 18. Bd3 f5 19. Qg2 Qf6 20. Nf3 fxg4 21. Qxg4 Bh6 22. Ng5 e5 23. Qxd7 Qxf4+ 24. Kb1 Qxg5 25. hxg6 Re7 26. Qxc6 Rae8 27. gxh7+ Kh8 28. Qxh6 1-0

[Event "Prague Visus op"]
[Site "Prague"]
[Date "2003.08.06"]
[Round "5"]
[White "Duffek, Bohumil"]
[Black "Micanek, Tomas"]
[Result "1-0"]
[WhiteElo "1724"]
[BlackElo "2137"]
[PlyCount "113"]
[EventDate "2003.08.??"]
[EventType "swiss"]
[EventRounds "9"]
[EventCountry "CZE"]
[SourceTitle "EXT 2006"]
[Source "ChessBase"]
[SourceDate "2005.11.24"]
[SourceVersion "1"]
[SourceVersionDate "2005.11.24"]
[SourceQuality "1"]

1. d4 Nf6 2. c4 e5 3. dxe5 Ng4 4. Nf3 Bc5 5. e3 Nc6 6. Be2 Ngxe5 7. Nc3 0-0 8. 0-0 Nxf3+ 9. Bxf3 Ne5 10. Ne4 Be7 11. b3 d6 12. Bb2 f5 13. Qd5+ Kh8 14. Ng3 c6 15. Qd1 Bf6 16. Be2 g6 17. Qc2 h5 18. Nh1 Qc7 19. h3 Be6 20. Rad1 Rad8 21. f3 Qb6 22. Bd4 c5 23. Bc3 d5 24. cxd5 Bxd5 25. f4 Nc6 26. Bxf6+ Rxf6 27. Qc3 Kg7 28. Rd2 Kf7 29. Bc4 Bxc4 30. Qxc4+ Ke7 31. Rxd8 Nxd8 32. Rc1 Rc6 33. Nf2 Nf7 34. Nd3 Nd6 35. Qd5 Ne4 36. Ne5 Rd6 37. Qf7+ Kd8 38. Nc4 Qc6 39. Qf8+ Kc7 40. Nxd6 Nxd6 41. Qg7+ Kb6 42. Qxg6 Qd5 43. Qf6 Kc6 44. Qd4 b5 45. Qxd5+ Kxd5 46. Rd1+ Kc6 47. Kf1 Ne4 48. Ke1 a5 49. a3 Nc3 50. Rc1 b4 51. axb4 axb4 52. Kd2 Ne4+ 53. Kd3 Kd5 54. Ra1 Nf2+ 55. Ke2 Ne4 56. Rd1+ Kc6 57. Rd8 1-0

[Event "Prague Visus op"]
[Site "Prague"]
[Date "2003.08.02"]
[Round "1"]
[White "Hausner, Ivan"]
[Black "Micanek, Tomas"]
[Result "1-0"]
[WhiteElo "2441"]
[BlackElo "2137"]
[PlyCount "75"]
[EventDate "2003.08.??"]
[EventType "swiss"]
[EventRounds "9"]
[EventCountry "CZE"]
[SourceTitle "EXT 2006"]
[Source "ChessBase"]
[SourceDate "2005.11.24"]
[SourceVersion "1"]
[SourceVersionDate "2005.11.24"]
[SourceQuality "1"]

1. c4 e6 2. g3 d5 3. Nf3 Nf6 4. Bg2 Nbd7 5. d4 c6 6. Qc2 Bd6 7. 0-0 0-0 8. Nbd2 e5 9. cxd5 Nxd5 10. Nc4 Qe7 11. Nxd6 Qxd6 12. Rd1 exd4 13. Rxd4 Ne5 14. Ng5 Ng6 15. e4 Qf6 16. Qd1 Nc7 17. f4 Bg4 18. Bf3 Rad8 19. e5 Bxf3 20. Nxf3 Qe7 21. Be3 Nd5 22. Bf2 Qe6 23. Ng5 Qf5 24. Qb1 Qg4 25. h3 Qe2 26. Qd1 Qxb2 27. Rb1 Qxa2 28. Rxb7 Nc3 29. Qh5 h6 30. Nxf7 Ne2+ 31. Kf1 Nxg3+ 32. Bxg3 Qa6+ 33. Kg1 Qxb7 34. Nxd8 Qb6 35. Ne6 Nxf4 36. Bxf4 Rxf4 37. Qg6 Rf7 38. Kh1 1-0

[Event "Brno Duras BVK op-A"]
[Site "Brno"]
[Date "2002.??.??"]
[Round "4"]
[White "Micanek, Tomas"]
[Black "Meszaros, Ludek"]
[Result "1-0"]
[WhiteElo "2136"]
[BlackElo "2231"]
[PlyCount "81"]
[EventDate "2002.??.??"]
[EventType "swiss"]
[EventRounds "9"]
[EventCountry "CZE"]
[SourceTitle "EXT 2006"]
[Source "ChessBase"]
[SourceDate "2005.11.24"]
[SourceVersion "1"]
[SourceVersionDate "2005.11.24"]
[SourceQuality "1"]

1. e4 e5 2. Nf3 Nc6 3. d4 exd4 4. Nxd4 Bc5 5. Nb3 Bb4+ 6. c3 Be7 7. Bf4 d6 8. Bb5 Bd7 9. 0-0 Ne5 10. Be2 Nf6 11. N1d2 0-0 12. Nd4 c5 13. Bxe5 dxe5 14. N4f3 Qc7 15. Qc2 Bc6 16. a4 b6 17. Bb5 Bb7 18. Rfe1 a6 19. Bd3 Rfe8 20. Nc4 Bf8 21. Qb3 Nd7 22. Ne3 h6 23. Ng4 Rad8 24. Rad1 h5 25. Ng5 Re7 26. Ne3 Nf6 27. Nf5 Red7 28. Bc4 b5 29. axb5 axb5 30. Bxf7+ Rxf7 31. Rxd8 c4 32. Qxb5 Qxd8 33. Nxf7 Qd2 34. Ra1 Bxe4 35. Ng3 Bd5 36. Nxe5 h4 37. Nf1 Qf4 38. Nd7 Bxg2 39. Nxf6+ gxf6 40. Kxg2 Qe4+ 41. Kg1 1-0